000
00306nam a22001337a 4500
008
181019b xxu||||| |||| 00| 0 eng d
020
_a
0306432714
041
_a
eng
080
_a
159.9
100
_a
48
101
_a
PSI
245
_a
Advances in Clinical Child Psychology
_c
Lahey,B.B
942
_2
udc
_c
BK
999
_c
50187
_d
50187